| 000 | 00662nam a2200205Ia 4500 | ||
|---|---|---|---|
| 008 | 151119s9999||||xx |||||||||||||| ||und|| | ||
| 082 | _a891.463 भडक/अँटए | ||
| 082 | _bGKKV34299 | ||
| 100 | _a"भडकमकर, अभिराम" | ||
| 245 | _aअँट एनी कॉस्ट | ||
| 260 | _aपुणे | ||
| 260 | _bराजहंस प्रकाशन | ||
| 260 | _c2015 | ||
| 300 | _a373p. | ||
| 600 | _a"भडकमकर, अभिराम" | ||
| 630 | _aअँट एनी कॉस्ट | ||
| 700 | _a"भडकमकर, अभिराम" | ||
| 730 | _aअँट एनी कॉस्ट | ||
| 942 | _cBOOK | ||
| 999 |
_c1086592 _d1086589 |
||